I survived the sinking of the Titanic, 1912 / (Record no. 230)

MARC details
000 -LEADER
fixed length control field 01586nam a22004217a 4500
001 - CONTROL NUMBER
control field 230
003 - CONTROL NUMBER IDENTIFIER
control field FISKH
005 - DATE AND TIME OF LATEST TRANSACTION
control field 20230629080700.0
008 - FIXED-LENGTH DATA ELEMENTS--GENERAL INFORMATION
fixed length control field 230309b cb ||||| |||| 00| 0 eng d
040 ## - CATALOGING SOURCE
Original cataloging agency BTCTA
Transcribing agency BTCTA
Modifying agency ON8
-- JST
-- MUS
-- IUI
-- DLC
-- FISKH
Language of cataloging eng
042 ## - AUTHENTICATION CODE
Authentication code lccopycat
050 00 - LIBRARY OF CONGRESS CALL NUMBER
Classification number PZ7.T211115
Item number Ias 2010
082 04 - DEWEY DECIMAL CLASSIFICATION NUMBER
Classification number 741.5
Edition number 22
100 1# - MAIN ENTRY--PERSONAL NAME
Personal name Tarshis, Lauren.
245 10 - TITLE STATEMENT
Title I survived the sinking of the Titanic, 1912 /
Statement of responsibility, etc. by Lauren Tarshis ; illustrated by Scott Dawson.
246 30 - VARYING FORM OF TITLE
Title proper/short title Sinking of the Titanic, 1912
260 ## - PUBLICATION, DISTRIBUTION, ETC.
Place of publication, distribution, etc. New York
Name of publisher, distributor, etc. Scholastic
Date of publication, distribution, etc. 2010.
300 ## - PHYSICAL DESCRIPTION
Extent 96 p. :
Other physical details ill. ;
Dimensions 22 cm.
490 1# - SERIES STATEMENT
Series statement I survived
Volume/sequential designation v. 1
504 ## - BIBLIOGRAPHY, ETC. NOTE
Bibliography, etc. note Includes bibliographical references.
505 ## - FORMATTED CONTENTS NOTE
Formatted contents note M
520 ## - SUMMARY, ETC.
Summary, etc. Excited to board the Titanic with his aunt and little sister, ten-year-old George begins to explore the ill-fated ship's first-class storage cabin when the ship is rocked by a collision with an iceberg and begins to sink.
521 8# - TARGET AUDIENCE NOTE
Target audience note 590 <br/>
Source Lexile
521 8# - TARGET AUDIENCE NOTE
Target audience note K
Source Raz-Plus
610 20 - SUBJECT ADDED ENTRY--CORPORATE NAME
Corporate name or jurisdiction name as entry element Titanic (Steamship)
Form subdivision Juvenile fiction.
610 21 - SUBJECT ADDED ENTRY--CORPORATE NAME
Corporate name or jurisdiction name as entry element Titanic (Steamship)
Form subdivision Fiction.
610 27 - SUBJECT ADDED ENTRY--CORPORATE NAME
Corporate name or jurisdiction name as entry element Titanic (Steamship)
Form subdivision Fiction.
Source of heading or term sears
650 #0 - SUBJECT ADDED ENTRY--TOPICAL TERM
Topical term or geographic name entry element Ocean travel
Form subdivision Juvenile fiction.
650 #0 - SUBJECT ADDED ENTRY--TOPICAL TERM
Topical term or geographic name entry element Shipwrecks
Form subdivision Juvenile fiction.
650 #1 - SUBJECT ADDED ENTRY--TOPICAL TERM
Topical term or geographic name entry element Ocean travel
Form subdivision Fiction.
650 #1 - SUBJECT ADDED ENTRY--TOPICAL TERM
Topical term or geographic name entry element Shipwrecks
Form subdivision Fiction.
650 #7 - SUBJECT ADDED ENTRY--TOPICAL TERM
Topical term or geographic name entry element Ocean travel
Form subdivision Fiction.
Source of heading or term sears
650 #7 - SUBJECT ADDED ENTRY--TOPICAL TERM
Topical term or geographic name entry element Shipwrecks
Form subdivision Fiction.
Source of heading or term sears
700 1# - ADDED ENTRY--PERSONAL NAME
Personal name Dawson, Scott,
Relator term ill.
800 1# - SERIES ADDED ENTRY--PERSONAL NAME
Personal name Tarshis, Lauren.
Title of a work I survived ;
Volume/sequential designation v. 1
906 ## - LOCAL DATA ELEMENT F, LDF (RLIN)
a 7
b cbc
c copycat
d 4
e ncip
f 20
g y-gencatlg
942 ## - ADDED ENTRY ELEMENTS (KOHA)
Source of classification or shelving scheme Dewey Decimal Classification
Koha item type Books
Suppress in OPAC No
Holdings
Withdrawn status Lost status Source of classification or shelving scheme Damaged status Not for loan Collection Home library Current library Shelving location Date acquired Total Checkouts Full call number Barcode Date last seen Date last checked out Price effective from Koha item type
    Dewey Decimal Classification     Juvenile Fiction Footprints International School Library Network Toul Kork Campus Footprints International School Library Network Toul Kork Campus TK Primary Library Room(4th Floor), Bookcase 3&4, Shelves 17-32, Yellow Books 03/09/2023 1 TAR 741.5 PZ7.T211115 FISTK05323 06/05/2025 03/13/2025 03/09/2023 Books